Easy General Knowledge Trivia #1 - Statistics

General Stats
  • This quiz has been taken 2,913 times
  • The average score is 12 of 15
Answer Stats
Hint Answer % Correct
What is the closest planet to the sun? Mercury
95%
How many states are there in the USA? 50
94%
Who was the first man on the moon? Neil Armstrong
93%
What is the largest ocean in the world? Pacific
92%
What is the name of Elon Musk's electric car company? Tesla
92%
If you have arachnophobia, what are you afraid of? Spiders
91%
In what year did World War 2 begin? 1939
90%
Who first proposed the theory of gravity? Isaac Newton
90%
How many prime numbers are there between 1 and 20? 8
89%
What is the second most populous country in the world? India
88%
In what year was Barack Obama inaugurated as the president of the USA? 2009
81%
What is the Spanish word for house? Casa
80%
How many ounces are in a pound? 16
69%
What was William Shakespeare? Playwright
47%
Who developed the first ever vaccination? Edward Jenner
17%
No matching quizzes found
Score Distribution
Percent of People with Each Score
Percentile by Number Answered
Your Score History
You have not taken this quiz